Podporovať by sa mali predovšetkým životaschopné firmy
Eximbanka uprednostňuje v podpore predovšetkým veľké firmy a na malé firmy už nezvýšia finančné prostriedky. Niektoré banky, ktoré už poskytujú úvery žiadajú vysokú garanciu vo finančných prostriedkoch, ktorá je nereálna pre malých podnikateľov. Nesystémové rozdeľovanie štátnych dotácií v sektore ag...
Salvato in:
| Autore principale: | |
|---|---|
| Natura: | Capitolo di libro |
| Lingua: | slovacco |
| Soggetti: | |
| Tags: |
Nessun Tag, puoi essere il primo ad aggiungerne!!
|
MARC
| LEADER | 00000naa a2200000 4500 | ||
|---|---|---|---|
| 001 | r037653 | ||
| 005 | 20230921105406.5 | ||
| 041 | 0 | |a slo | |
| 044 | |a SK | ||
| 245 | 1 | 0 | |a Podporovať by sa mali predovšetkým životaschopné firmy |c Lena Oujezdská |
| 520 | |a Eximbanka uprednostňuje v podpore predovšetkým veľké firmy a na malé firmy už nezvýšia finančné prostriedky. Niektoré banky, ktoré už poskytujú úvery žiadajú vysokú garanciu vo finančných prostriedkoch, ktorá je nereálna pre malých podnikateľov. Nesystémové rozdeľovanie štátnych dotácií v sektore agropotravinárstva. Potreba investícií. Skúsenosti spoločností Hydina Danubius, s.r.o. Dunajská Streda a Comercio, s.r.o. Bratislava. | ||
| 610 | 2 | 0 | |a podnikanie |
| 610 | 2 | 0 | |a podnikanie malé |
| 610 | 2 | 0 | |a podpora podnikania |
| 610 | 2 | 0 | |a dotácie štátne |
| 610 | 2 | 0 | |a podpora vývozu |
| 610 | 2 | 0 | |a úver bankový |
| 610 | 2 | 0 | |a investície |
| 610 | 2 | 0 | |a Hydina Danubius, s.r.o. Dunajská Streda |
| 610 | 2 | 0 | |a Comercio, s.r.o. Bratislava |
| 100 | 1 | |a Oujezdská, Lena | |